01429 a2200169 4500001000700000020001500007020001800022041000800040082001400048100002400062520104500086521000701131856002401138040002501162245003901187260003301226113076 a8599520016 a9788554014070 apor aAP SK 028 aTolstói, Aleksei. aQuantas pessoas e animais são necessários para colher um nabo? Imagine se este nabo fosse tão, tão grande que você tivesse que pedir a ajuda de todos os seus amigos para arrancá-lo da horta. O nabo gigante, uma publicação do selo Girafinha, é uma história divertida e perfeita para ser lida em voz alta, em que um casal de velhinhos planta um nabo que cresce até ficar GIGANTE. No entanto, para retirar o legume do solo será necessária a ajuda de todos os animais da fazenda – dos maiores aos menores. Esta adaptação do clássico conto russo, escrita belamente por Aleksei Tolstói e ilustrada ao estilo rústico russo pela premiada artista Niamh Sharkey, mostra que o menor dos ajudantes pode fazer muita diferença. A história está alinhada com diversas competências da BNCC, é indicada para crianças em idade escolar pertinente à Educação Infantil e aborda temas como animais da fazenda, estações do ano, contagem numérica – tudo isso incluído na mesma narrativa cíclica. aSK u000003/00000375.jpg aBR-BrIDEAcBR-BrIDEA10aO nabo gigantec Aleksei Tolstói aSão PaulobGirafinhac2005